LIBRARY & INFORMATION CENTRE, KCAET, TAVANUR

ONLINE PUBLIC ACCESS CATALOGUE (OPAC)

Essentials of Hydrogeology (Record no. 13697)

MARC details
000 -LEADER
fixed length control field 00286nam a22001217a 4500
020 ## - INTERNATIONAL STANDARD BOOK NUMBER
ISBN 9788190851299
082 ## - DEWEY DECIMAL CLASSIFICATION NUMBER
Classification number 551.48
Item number GUR/ES
100 ## - MAIN ENTRY--AUTHOR NAME
Personal name Gurugnanam
245 ## - TITLE STATEMENT
Title Essentials of Hydrogeology
260 ## - PUBLICATION, DISTRIBUTION, ETC. (IMPRINT)
Place of publication New Delhi
Name of publisher New India Publishing Agency
Year of publication 2009
300 ## - PHYSICAL DESCRIPTION
Number of Pages 268
942 ## - ADDED ENTRY ELEMENTS (KOHA)
Koha item type Books
Holdings
Withdrawn status Lost status Damaged status Collection code Home library Current library Shelving location Date acquired Source of acquisition Cost, normal purchase price Full call number Accession Number Koha item type
      Non-fiction KAUAET KAUAET General Stacks 31/03/2012 Universal Research Books, Thrissur 990.00 551.48 GUR/ES 23350 Books
free website counter